The measurer's assistant (Record no. 113543)
[ view plain ]
| 000 -LEADER | |
|---|---|
| fixed length control field | 01108cam a22001935a 4500 |
| 001 - CONTROL NUMBER | |
| control field | L155400 |
| 008 - FIXED-LENGTH DATA ELEMENTS--GENERAL INFORMATION | |
| fixed length control field | 120321s1792 xxk f 000 0 eng d |
| 035 ## - SYSTEM CONTROL NUMBER | |
| System control number | (Sirsi) u155400 |
| 041 0# - LANGUAGE CODE | |
| Language code of text/sound track or separate title | eng |
| 100 1# - MAIN ENTRY--PERSONAL NAME | |
| Personal name | Taylor, William |
| 245 04 - TITLE STATEMENT | |
| Title | The measurer's assistant |
| Remainder of title | or, mensuration made easy, by a new set of tables, Which shew, at one Point of View, The Superficial or Solid Content, in Feet, Inches, Parts, &c. of most Kinds of Superfices and Solids, either square, round, or unequal-sided; also The reducing of Deals to the Standard, with the Standard Weight. With other useful and original tables. By William Taylor, land surveyor. |
| 260 ## - PUBLICATION, DISTRIBUTION, ETC. | |
| Place of publication, distribution, etc. | Birmingham |
| Name of publisher, distributor, etc. | printed by J. Belcher. Sold by the author, W. Taylor, bookseller, Spiceal-Street; and the other booksellers in Birmingham; also by T. Vernor, Birchin-Lane, London |
| Date of publication, distribution, etc. | 1792 |
| 300 ## - PHYSICAL DESCRIPTION | |
| Extent | xxiii, [1], 455, [1] p. |
| Dimensions | 8o |
| 520 ## - SUMMARY, ETC. | |
| Summary, etc. | At bottom of title page in square brackets: entered at Stationers Hall. |
| 583 ## - ACTION NOTE | |
| Action | Condition reviewed |
| Time/date of action | 20120620 |
| Status | condition level 4 |
| 651 #4 - SUBJECT ADDED ENTRY--GEOGRAPHIC NAME | |
| Geographic name | Great Britain |
| Chronological subdivision | 1707- |
| 690 ## - LOCAL SUBJECT ADDED ENTRY--TOPICAL TERM (OCLC, RLIN) | |
| Topical term or geographic name as entry element | Measurement |
| 9 (RLIN) | 6256 |
| 942 ## - ADDED ENTRY ELEMENTS (KOHA) | |
| Suppress in OPAC | 0 |
| Withdrawn status | Lost status | Source of classification or shelving scheme | Damaged status | Not for loan | Home library | Current library | Shelving location | Date acquired | Total Checkouts | Full call number | Barcode | Date last seen | Copy number | Price effective from | Koha item type |
|---|---|---|---|---|---|---|---|---|---|---|---|---|---|---|---|
| Dewey Decimal Classification | Historic collection | Historic collection | Historic collection | 21/03/2012 | OCTAVO 1792 TAYLOR | 30077230 | 06/08/2019 | 1 | 06/08/2019 | Book |